000 01042nam a2200301 4500
005 20191224041647.0
008 011210s2001 nyua 001 0 eng
020 _a0471309249
040 _aUKM
_cUKM
_dDLC
_dCO-BoIAVH
041 0 _aeng
044 _axxu
082 0 0 _a526.982
_bM63i
100 1 _aMikhail, Edward M.
_eautor
245 1 0 _aIntroduction to modern photogrammetry /
_cEdward M. Mikhail, James S. Bethel y J. Chris McGlone.
246 3 0 _aModern photogrammetry
260 _aNew York :
_aChichester :
_bWiley,
_cc2001.
300 _aix, 479 páginas :
_bilustraciones ;
_c26 x 18 cm. +
_e1 CD-ROM
500 _aUn CD-ROM detrás de la portada del libro.
500 _aIncluye índice.
504 _aIncluye referencias bibliográficas.
650 1 6 _aFotogrametría
650 1 6 _aFotogrametría
_xinstrumentos
650 2 4 _aFotogrametría digital
650 2 6 _aSensores
700 1 _aBethel, James S.
_eautor
700 1 _aMcGlone, J. Chris.
_eautor
942 _2ddc
_cLIBRO
999 _c2703
_d2703